000
00308nam a22001337a 4500
008
171031b xxu||||| |||| 00| 0 eng d
020
_a
9780877792314
041
_a
eng
080
_2
2ND
_a
33
100
_a
58
101
_a
BUS
245
_a
GUIDE TO BUSINESS CORRESPONDENCE
_c
WEBSTER'S,M
942
_2
udc
_c
BK
999
_c
36747
_d
36747